| 000 | 01465nam a2200373Ia 4500 | ||
|---|---|---|---|
| 001 | vtls003238995 | ||
| 003 | MY-SjTCS | ||
| 005 | 20200226115430.0 | ||
| 006 | m u | ||
| 007 | cr cn||||||||| | ||
| 008 | 120829s2011 cauac sb s001 0 eng d | ||
| 010 | _z2010-036098 | ||
| 020 | _z9780520256132 | ||
| 020 | _z9780520266803 | ||
| 035 | _a(OCoLC)726749310 | ||
| 035 | _a(CaPaEBR)ebr10466787 | ||
| 039 | 9 |
_y201208291110 _zwilmina |
|
| 040 |
_aCaPaEBR _cCaPaEBR |
||
| 050 | 1 | 4 |
_aJL2631 _b.S67 2011eb |
| 082 | 0 | 4 |
_a983.06/6 _222 |
| 100 | 1 | _aSpooner, Mary Helen. | |
| 245 | 1 | 4 |
_aThe general's slow retreat _h[electronic resource] : _bChile after Pinochet / _cMary Helen Spooner. |
| 246 | 3 | 0 | _aChile after Pinochet |
| 260 |
_aBerkeley : _bUniversity of California Press, _cc2011. |
||
| 300 |
_axiii, 322 p. : _bill., ports. |
||
| 504 | _aIncludes bibliographical references and index. | ||
| 533 |
_aElectronic reproduction. _bPalo Alto, Calif. : _cebrary, _d2011. _nAvailable via World Wide Web. _nAccess may be limited to ebrary affiliated libraries. |
||
| 600 | 1 | 0 | _aPinochet Ugarte, Augusto. |
| 650 | 0 |
_aDemocratization _zChile. |
|
| 651 | 0 |
_aChile _xPolitics and government _y1988- |
|
| 655 | 7 |
_aElectronic books. _2local |
|
| 710 | 2 |
_aebrary, Inc. _925628 |
|
| 856 | 4 | 0 |
_uhttps://ezproxy.taylors.edu.my/login?url=http://site.ebrary.com/lib/taylorscollege/Doc?id=10466787 _zAn electronic book accessible through the World Wide Web; click to view |
| 999 | _c148375 | ||